Statistiques concernant Pays contenant J

Cliquez ici pour prendre le quiz!

Statistiques générales

  • Ce quiz a été pris 269 fois
  • Le résultat moyen est 5 sur 7

Statistiques - réponses

pays% Correct
Jordanie
88%
Japon
86%
Jamaïque
77%
Azerbaïdjan
61%
Tadjikistan
59%
Fidji
47%
Djibouti
44%

Distribution des résultats

Percentile par nombre de réponses

% des personnes avec chaque résultat

Votre développement - résultats

Vous n’avez pas pris ce quiz